[Event "HUN-chT2 Maroczy 0708"]
[Site "Hungary"]
[Date "2008.03.16"]
[Round "8"]
[White "Mester, Gyula"]
[Black "Virag, Ferenc"]
[Result "1-0"]
[WhiteElo "2440"]
[BlackElo "2191"]
[PlyCount "127"]
[EventDate "2007.10.14"]
[EventType "team"]
[EventRounds "11"]
[EventCountry "HUN"]
[SourceTitle "EXT 2009"]
[Source "ChessBase"]
[SourceDate "2008.11.26"]
[SourceVersion "1"]
[SourceVersionDate "2008.11.26"]
[SourceQuality "1"]
[WhiteTeam "Hajduboszormeny"]
[BlackTeam "Penzugyor"]
[WhiteTeamCountry "HUN"]
[BlackTeamCountry "HUN"]

1. d4 d5 2. c4 e6 3. Nc3 Nf6 4. Bg5 Be7 5. cxd5 exd5 6. e3 0-0 7. Bd3 Re8 8. Qc2 h6 9. Bf4 c6 10. 0-0-0 Na6 11. Bxa6 bxa6 12. Nf3 Bg4 13. h3 Bh5 14. g4 Bg6 15. Qa4 Ne4 16. Ne5 Nxf2 17. Nxg6 fxg6 18. Qxc6 Rc8 19. Qxg6 Ba3 20. Kb1 Qd7 21. Qxa6 Bb4 22. Qb5 Qxb5 23. Nxb5 Nxd1 24. Rxd1 a6 25. Nc7 Rxc7 26. Bxc7 Rxe3 27. Rc1 Rxh3 28. Rc6 a5 29. a3 Be1 30. Re6 Rh1 31. Kc2 Kf7 32. Re5 Rg1 33. Kd3 Bg3 34. Rf5+ Ke6 35. Bxa5 Bd6 36. Rf3 Rxg4 37. Bd2 h5 38. a4 h4 39. a5 Rg1 40. b4 g5 41. a6 g4 42. Re3+ Kd7 43. Be1 Kc7 44. Bxh4 Bxb4 45. Re5 Bd6 46. Rxd5 Ra1 47. Rg5 g3 48. Rg7+ Kc6 49. a7 Bc7 50. Ke4 Re1+ 51. Kd3 Ra1 52. d5+ Kb6 53. Bf6 Ra3+ 54. Ke4 Bd6 55. Bd4+ Bc5 56. Rxg3 Ra4 57. a8Q Rxa8 58. Rb3+ Kc7 59. Bxc5 Re8+ 60. Kf5 Re1 61. Re3 Rh1 62. Re7+ Kd8 63. Rf7 Rh6 64. Rf6 1-0

[Event "HUN-chT2 Maroczy 0708"]
[Site "Hungary"]
[Date "2007.11.11"]
[Round "2"]
[White "Gyori, Szabolcs"]
[Black "Virag, Ferenc"]
[Result "1/2-1/2"]
[WhiteElo "2185"]
[BlackElo "2191"]
[PlyCount "39"]
[EventDate "2007.10.14"]
[EventType "team"]
[EventRounds "11"]
[EventCountry "HUN"]
[SourceTitle "EXT 2009"]
[Source "ChessBase"]
[SourceDate "2008.11.26"]
[SourceVersion "1"]
[SourceVersionDate "2008.11.26"]
[SourceQuality "1"]
[WhiteTeam "Oroshaza"]
[BlackTeam "Penzugyor"]
[WhiteTeamCountry "HUN"]
[BlackTeamCountry "HUN"]

1. e4 c5 2. Nf3 d6 3. Bb5+ Bd7 4. Bxd7+ Qxd7 5. 0-0 Nc6 6. d4 cxd4 7. Nxd4 Nf6 8. Nc3 e6 9. Kh1 Be7 10. f4 0-0 11. Be3 Rfd8 12. Qe2 Nxd4 13. Bxd4 Qc6 14. Rad1 b6 15. e5 Nd7 16. exd6 Bxd6 17. Ne4 Bf8 18. Qd3 h6 19. Qe2 Nc5 20. Bxc5 1/2-1/2

[Event "HUN-chT2 Charousek 0607"]
[Site "Hungary"]
[Date "2007.03.25"]
[Round "7"]
[White "Virag, Ferenc"]
[Black "Jovanovic, Zoran"]
[Result "0-1"]
[WhiteElo "2205"]
[BlackElo "2539"]
[PlyCount "54"]
[EventDate "2006.11.12"]
[EventType "team"]
[EventRounds "11"]
[EventCountry "HUN"]
[SourceTitle "EXT 2008"]
[Source "ChessBase"]
[SourceDate "2007.11.25"]
[SourceVersion "1"]
[SourceVersionDate "2007.11.25"]
[SourceQuality "1"]
[WhiteTeam "Penzugyor"]
[BlackTeam "Szenna Pack"]
[WhiteTeamCountry "HUN"]
[BlackTeamCountry "HUN"]

1. c4 g6 2. Nc3 Bg7 3. g3 c5 4. Bg2 Nc6 5. Nf3 e5 6. d3 d6 7. Nd5 Nge7 8. Bg5 0-0 9. 0-0 f6 10. Bd2 Be6 11. Ne1 Qd7 12. e4 Bh3 13. Rb1 Bxg2 14. Kxg2 f5 15. a3 f4 16. f3 Nd4 17. b4 Nxd5 18. cxd5 cxb4 19. Bxb4 Rac8 20. Rf2 h5 21. Nc2 Nxc2 22. Rxc2 Rxc2+ 23. Qxc2 g5 24. Rc1 g4 25. Qd1 fxg3 26. fxg4 gxh2 27. gxh5 h1Q+ 0-1

[Event "HUN-chT2 Maroczy 0506"]
[Site "Hungary"]
[Date "2006.03.19"]
[Round "9"]
[White "Virag, Ferenc"]
[Black "Szabo, Zsolt Jozsef"]
[Result "1/2-1/2"]
[WhiteElo "2203"]
[BlackElo "2460"]
[PlyCount "56"]
[EventDate "2005.10.16"]
[EventType "team"]
[EventRounds "11"]
[EventCountry "HUN"]
[SourceTitle "EXT 2009"]
[Source "ChessBase"]
[SourceDate "2008.11.26"]
[SourceVersion "1"]
[SourceVersionDate "2008.11.26"]
[SourceQuality "1"]
[WhiteTeam "Penzugyor"]
[BlackTeam "Vasas"]
[WhiteTeamCountry "HUN"]
[BlackTeamCountry "HUN"]

1. c4 e5 2. Nc3 Nf6 3. g3 d5 4. cxd5 Nxd5 5. Bg2 Nb6 6. Nf3 Nc6 7. 0-0 Be7 8. d3 0-0 9. a3 Re8 10. b4 Bf8 11. Bb2 Bg4 12. h3 Bf5 13. Rc1 Qd7 14. Kh2 a5 15. b5 Nd4 16. Nxd4 exd4 17. Ne4 Qxb5 18. Bxd4 Qd7 19. Bc5 Bxe4 20. Bxe4 Bxc5 21. Rxc5 c6 22. Qb3 Nc8 23. Rb1 Nd6 24. Bf3 a4 25. Qb4 Nb5 26. Rc4 Red8 27. Bg2 g6 28. Bf1 Qd6 1/2-1/2

[Event "HUN-chT2 Maroczy 0405"]
[Site "Hungary"]
[Date "2004.11.21"]
[Round "3"]
[White "Virag, Ferenc"]
[Black "Deak, Andras"]
[Result "1/2-1/2"]
[WhiteElo "2226"]
[BlackElo "2082"]
[PlyCount "67"]
[EventDate "2004.09.26"]
[EventType "team"]
[EventRounds "11"]
[EventCountry "HUN"]
[SourceTitle "EXT 2008"]
[Source "ChessBase"]
[SourceDate "2007.11.25"]
[SourceVersion "1"]
[SourceVersionDate "2007.11.25"]
[SourceQuality "1"]
[WhiteTeam "Penzugyor"]
[BlackTeam "Miskolc"]
[WhiteTeamCountry "HUN"]
[BlackTeamCountry "HUN"]

1. c4 g6 2. Nc3 Bg7 3. g3 d6 4. Bg2 f5 5. e3 Nf6 6. Nge2 0-0 7. Rb1 e5 8. d3 a5 9. a3 Nbd7 10. b4 axb4 11. axb4 Re8 12. Qc2 Nf8 13. Bd2 g5 14. h4 h6 15. hxg5 hxg5 16. 0-0 Ng6 17. Ra1 Rxa1 18. Rxa1 Rf8 19. Ra8 Qe7 20. Nd5 Nxd5 21. Bxd5+ Kh8 22. Qd1 c6 23. Bg2 Bh6 24. Nc3 Kg7 25. b5 cxb5 26. cxb5 f4 27. Nd5 Qf7 28. exf4 gxf4 29. Qc1 Be6 30. Rxf8 Kxf8 31. Nc7 Bc8 32. b6 Ne7 33. gxf4 Bxf4 34. Be3 1/2-1/2

[Event "HUN-chT2 Maroczy 0304"]
[Site "Hungary"]
[Date "2003.11.16"]
[Round "3"]
[White "Posa, Norbert"]
[Black "Virag, Ferenc"]
[Result "1/2-1/2"]
[WhiteElo "2172"]
[BlackElo "2220"]
[PlyCount "38"]
[EventDate "2003.09.28"]
[EventType "team"]
[EventRounds "11"]
[EventCountry "HUN"]
[SourceTitle "EXT 2005"]
[Source "ChessBase"]
[SourceDate "2004.11.15"]
[SourceVersion "1"]
[SourceVersionDate "2004.11.15"]
[SourceQuality "1"]

1. d4 d5 2. c4 c6 3. Nc3 Nf6 4. Nf3 e6 5. Bg5 Nbd7 6. cxd5 exd5 7. e3 Be7 8. Bd3 b6 9. 0-0 Bb7 10. e4 dxe4 11. Nxe4 0-0 12. Re1 h6 13. Bf4 c5 14. Nd6 Bxd6 15. Bxd6 Re8 16. Ne5 cxd4 17. Bb5 Re6 18. Qxd4 Nxe5 19. Bxe5 Qd5 1/2-1/2

[Event "HUN-chT2 Charousek 0203"]
[Site "Hungary"]
[Date "2002.11.24"]
[Round "3.7"]
[White "Bednay, Dezso"]
[Black "Virag, Ferenc"]
[Result "1/2-1/2"]
[WhiteElo "2104"]
[BlackElo "2242"]
[PlyCount "75"]
[EventDate "2002.09.22"]
[EventType "team"]
[EventRounds "11"]
[EventCountry "HUN"]
[SourceTitle "EXT 2004"]
[Source "ChessBase"]
[SourceDate "2003.11.25"]
[SourceVersion "1"]
[SourceVersionDate "2003.11.25"]
[SourceQuality "1"]
[WhiteTeam "Vizugy"]
[BlackTeam "Penzugyor"]
[WhiteTeamCountry "HUN"]
[BlackTeamCountry "HUN"]

1. e4 c5 2. Nf3 e6 3. d4 cxd4 4. Nxd4 Nf6 5. Nc3 d6 6. Be2 Be7 7. 0-0 0-0 8. Be3 Nc6 9. f4 Qc7 10. Kh1 a6 11. Qe1 d5 12. exd5 Nxd5 13. Nxd5 exd5 14. Qd2 Nxd4 15. Bxd4 Bf5 16. c3 Rad8 17. Bd3 Bxd3 18. Qxd3 f5 19. Rae1 Bd6 20. g3 Qc4 21. Qxc4 dxc4 22. Kg2 Rfe8 23. Kf2 g6 24. Rxe8+ Rxe8 25. Re1 Rxe1 26. Kxe1 Kf7 27. Ke2 Ke6 28. Ke3 Kd5 29. Bb6 Be7 30. Kf3 Bf6 31. h3 h5 32. h4 Kc6 33. Be3 b5 34. a3 a5 35. Bd2 Be7 36. Be1 Bc5 37. Bd2 Kd5 38. Be1 1/2-1/2

[Event "HUN-chT 0001"]
[Site "Hungary"]
[Date "2001.02.04"]
[Round "6"]
[White "Sikula, Vaszilij"]
[Black "Virag, Ferenc"]
[Result "1-0"]
[WhiteElo "2396"]
[BlackElo "2268"]
[PlyCount "77"]
[EventDate "2000.11.26"]
[EventType "team"]
[EventRounds "11"]
[EventCountry "HUN"]
[SourceTitle "EXT 2009"]
[Source "ChessBase"]
[SourceDate "2008.11.26"]
[SourceVersion "1"]
[SourceVersionDate "2008.11.26"]
[SourceQuality "1"]
[WhiteTeam "Hajduboszormeny"]
[BlackTeam "Penzugyor"]
[WhiteTeamCountry "HUN"]
[BlackTeamCountry "HUN"]

1. e4 c5 2. Nf3 e6 3. d4 cxd4 4. Nxd4 Nf6 5. Nc3 d6 6. Be2 Be7 7. 0-0 0-0 8. f4 Nbd7 9. Bf3 a6 10. Kh1 Qc7 11. g4 Rb8 12. g5 Ne8 13. a4 b6 14. Bg2 Nc5 15. Rf3 Bb7 16. Rh3 g6 17. f5 exf5 18. exf5 Bxg2+ 19. Kxg2 Qb7+ 20. Kg1 d5 21. f6 Bd6 22. Qf3 Ne4 23. Rh6 Bc5 24. Nce2 Qd7 25. Qf4 N8d6 26. Qh4 Nf5 27. Qh3 Nxd4 28. Qxd7 Nf5+ 29. Kf1 Nxh6 30. gxh6 Nxf6 31. Qc6 Ng4 32. h3 Ne3+ 33. Bxe3 Bxe3 34. Qxd5 Bxh6 35. Rd1 Bg7 36. b4 Bf6 37. Qf3 Be7 38. c3 a5 39. Rd7 1-0

[Event "HUN-chT 0001"]
[Site "Hungary"]
[Date "2000.12.17"]
[Round "3"]
[White "Virag, Ferenc"]
[Black "Korpics, Zsolt"]
[Result "1/2-1/2"]
[WhiteElo "2268"]
[BlackElo "2317"]
[PlyCount "22"]
[EventDate "2000.11.26"]
[EventType "team"]
[EventRounds "11"]
[EventCountry "HUN"]
[SourceTitle "EXT 2009"]
[Source "ChessBase"]
[SourceDate "2008.11.26"]
[SourceVersion "1"]
[SourceVersionDate "2008.11.26"]
[SourceQuality "1"]
[WhiteTeam "Penzugyor"]
[BlackTeam "Haladas"]
[WhiteTeamCountry "HUN"]
[BlackTeamCountry "HUN"]

1. Nf3 Nf6 2. g3 g6 3. Bg2 Bg7 4. 0-0 0-0 5. c4 c5 6. d4 cxd4 7. Nxd4 Nc6 8. Nc3 Ng4 9. e3 Nxd4 10. exd4 Nh6 11. Bg5 Nf5 1/2-1/2

[Event "HUN-chT2 9899"]
[Site "Hungary"]
[Date "1999.??.??"]
[Round "?"]
[White "Meszaros, Tamas"]
[Black "Virag, Ferenc"]
[Result "1/2-1/2"]
[WhiteElo "2150"]
[BlackElo "2315"]
[PlyCount "118"]
[EventDate "1998.??.??"]
[EventType "team"]
[EventRounds "12"]
[EventCountry "HUN"]
[SourceTitle "EXT 2000"]
[Source "ChessBase"]
[SourceDate "1999.11.16"]
[SourceVersion "1"]
[SourceVersionDate "1999.11.16"]
[SourceQuality "1"]

1. e4 c5 2. Nf3 e6 3. d4 cxd4 4. Nxd4 a6 5. Bd3 Nc6 6. Nxc6 dxc6 7. 0-0 e5 8. Be3 Nf6 9. h3 Bd6 10. a4 a5 11. Nd2 0-0 12. Nc4 Bc7 13. Bg5 h6 14. Bh4 g5 15. Bg3 Qe7 16. Qf3 Bd7 17. Ne3 Rad8 18. Rfe1 Bc8 19. Bc4 Rd4 20. c3 Rd2 21. Nf5 Bxf5 22. Qxf5 Kg7 23. b3 Nh5 24. Rad1 Rfd8 25. Rxd2 Rxd2 26. Qf3 Nxg3 27. fxg3 Bb6+ 28. Kh2 Qf6 29. Rf1 Qxf3 30. Rxf3 f6 31. g4 Bf2 32. b4 Bb6 33. Be6 axb4 34. cxb4 Rd4 35. Bc8 Rxb4 36. Bxb7 Rxa4 37. Bxc6 Ra7 38. Rb3 Bd4 39. Rb8 Be3 40. Bd5 Rc7 41. Kg3 Bd2 42. Kf2 Bc1 43. Ke2 Bf4 44. Kd3 Bg3 45. Ra8 Bf2 46. Rb8 Ba7 47. Rd8 Bf2 48. Rd6 Bc5 49. Ra6 Bd4 50. Bc4 Bf2 51. Kc3 Be1+ 52. Kd3 Bf2 53. Ra8 Bd4 54. Rb8 Ba7 55. Rg8+ Kh7 56. Ra8 Kg7 57. Kc3 Bd4+ 58. Kb4 Rb7+ 59. Ka5 Ra7+ 1/2-1/2

[Event "HUN-chT2 9899"]
[Site "Hungary"]
[Date "1998.??.??"]
[Round "?"]
[White "Jonas, Peter"]
[Black "Virag, Ferenc"]
[Result "1/2-1/2"]
[WhiteElo "2250"]
[BlackElo "2335"]
[PlyCount "79"]
[EventDate "1998.??.??"]
[EventType "team"]
[EventRounds "12"]
[EventCountry "HUN"]
[SourceTitle "EXT 2000"]
[Source "ChessBase"]
[SourceDate "1999.11.16"]
[SourceVersion "1"]
[SourceVersionDate "1999.11.16"]
[SourceQuality "1"]

1. d4 Nf6 2. Nf3 e6 3. c4 b6 4. g3 Ba6 5. b3 Bb4+ 6. Bd2 Be7 7. Nc3 d5 8. cxd5 exd5 9. Bg2 0-0 10. 0-0 c5 11. Re1 Nbd7 12. Bf4 Rc8 13. dxc5 Nxc5 14. Be5 Nce4 15. Nxe4 dxe4 16. Qxd8 Rfxd8 17. Nh4 e3 18. Bf3 exf2+ 19. Kxf2 Nd7 20. Bd4 g6 21. Ng2 Bf6 22. Red1 Bxd4+ 23. Rxd4 Ne5 24. Ra4 Bb5 25. Rxa7 Nxf3 26. Kxf3 Rc2 27. Re1 Rdd2 28. Nf4 Rxa2 29. Re7 Rdb2 30. Rc1 Rxb3+ 31. Kg4 Ra4 32. Kg5 Bc4 33. Rd1 Kf8 34. Rdd7 b5 35. Kh6 Raa3 36. Nd3 Ra8 37. Ne5 Re8 38. Rxf7+ Bxf7 39. Rxf7+ Kg8 40. Rg7+ 1/2-1/2

[Event "HUN-chT2 9899"]
[Site "Hungary"]
[Date "1998.??.??"]
[Round "?"]
[White "Sandor, Jozsef"]
[Black "Virag, Ferenc"]
[Result "0-1"]
[WhiteElo "2195"]
[BlackElo "2335"]
[PlyCount "84"]
[EventDate "1998.??.??"]
[EventType "team"]
[EventRounds "12"]
[EventCountry "HUN"]
[SourceTitle "EXT 2000"]
[Source "ChessBase"]
[SourceDate "1999.11.16"]
[SourceVersion "1"]
[SourceVersionDate "1999.11.16"]
[SourceQuality "1"]

1. Nf3 Nf6 2. d4 d5 3. Bf4 e6 4. e3 Be7 5. Bd3 c5 6. c3 Nc6 7. Nbd2 0-0 8. Ne5 Bd7 9. Qf3 cxd4 10. exd4 b5 11. Nxd7 Qxd7 12. Bxb5 Nxd4 13. Bxd7 Nxf3+ 14. Nxf3 Nxd7 15. 0-0 Nc5 16. Rad1 Rfc8 17. Rfe1 Bf6 18. h3 Na4 19. Rd2 Nxc3 20. bxc3 Bxc3 21. Rc2 Bxe1 22. Rxc8+ Rxc8 23. Nxe1 Rc4 24. Bd6 f6 25. Kf1 e5 26. Ke2 Kf7 27. Kd2 Ke6 28. Bf8 Rc7 29. Nd3 d4 30. f3 f5 31. h4 e4 32. Nf4+ Ke5 33. Nh5 g6 34. Bg7+ Kd5 35. Nf4+ Kc4 36. Bf6 Rc6 37. Be5 Ra6 38. h5 Rxa2+ 39. Ke1 g5 40. Ne6 Kd5 41. Nxg5 Kxe5 42. Nxh7 Rxg2 0-1

[Event "HUN-chT2 9899"]
[Site "Hungary"]
[Date "1998.??.??"]
[Round "?"]
[White "Virag, Ferenc"]
[Black "Amrein, Roland"]
[Result "1/2-1/2"]
[WhiteElo "2335"]
[BlackElo "2235"]
[PlyCount "23"]
[EventDate "1998.??.??"]
[EventType "team"]
[EventRounds "12"]
[EventCountry "HUN"]
[SourceTitle "EXT 2000"]
[Source "ChessBase"]
[SourceDate "1999.11.16"]
[SourceVersion "1"]
[SourceVersionDate "1999.11.16"]
[SourceQuality "1"]

1. Nf3 c5 2. g3 Nc6 3. d4 e6 4. Bg2 Nf6 5. 0-0 d5 6. c4 dxc4 7. dxc5 Qxd1 8. Rxd1 Bxc5 9. Nbd2 c3 10. bxc3 0-0 11. Nb3 Be7 12. Bf4 1/2-1/2

[Event "HUN-chT2 9798"]
[Site "Hungary"]
[Date "1997.??.??"]
[Round "?"]
[White "Nemeth, Antal"]
[Black "Virag, Ferenc"]
[Result "1-0"]
[WhiteElo "2275"]
[BlackElo "2335"]
[PlyCount "49"]
[EventDate "1997.??.??"]
[EventType "team"]
[EventRounds "11"]
[EventCountry "HUN"]
[SourceTitle "EXT 1999"]
[Source "ChessBase"]
[SourceDate "1998.11.16"]
[SourceVersion "1"]
[SourceVersionDate "1998.11.16"]
[SourceQuality "1"]

1. Nf3 c5 2. g3 Nc6 3. c4 g6 4. Bg2 Bg7 5. Nc3 e6 6. 0-0 Nge7 7. e3 d5 8. cxd5 Nxd5 9. d4 Nxc3 10. bxc3 cxd4 11. cxd4 0-0 12. Qb3 Na5 13. Qb4 b6 14. Ba3 Bb7 15. Rfc1 Qd7 16. Ne5 Bxe5 17. Bxb7 Qxb7 18. dxe5 Rfc8 19. Qe7 Qd5 20. Rd1 Qxe5 21. Rac1 Nc4 22. Rxc4 Rxc4 23. Rd8+ Rxd8 24. Qxd8+ Kg7 25. Bf8+ 1-0

[Event "HUN-chT2 9798"]
[Site "Hungary"]
[Date "1997.??.??"]
[Round "?"]
[White "Virag, Ferenc"]
[Black "Szemeti, Arpad"]
[Result "1/2-1/2"]
[WhiteElo "2335"]
[BlackElo "2255"]
[PlyCount "82"]
[EventDate "1997.??.??"]
[EventType "team"]
[EventRounds "11"]
[EventCountry "HUN"]
[SourceTitle "EXT 1999"]
[Source "ChessBase"]
[SourceDate "1998.11.16"]
[SourceVersion "1"]
[SourceVersionDate "1998.11.16"]
[SourceQuality "1"]

1. c4 Nf6 2. Nc3 g6 3. g3 Bg7 4. Bg2 d6 5. d3 Nc6 6. Nf3 e5 7. 0-0 0-0 8. Rb1 h6 9. e4 Nd7 10. b4 f5 11. exf5 gxf5 12. Nd5 Nf6 13. b5 Ne7 14. Nh4 Nexd5 15. cxd5 Nd7 16. f4 Nc5 17. fxe5 dxe5 18. Ba3 b6 19. Bxc5 bxc5 20. d6 Be6 21. Qf3 Qxd6 22. Qxa8 Rxa8 23. Bxa8 Qxd3 24. Rbd1 Qc2 25. Bd5 Bxd5 26. Rxd5 f4 27. Rd8+ Kh7 28. Rd7 Qe4 29. Rxc7 c4 30. g4 Kg8 31. Rc8+ Kf7 32. Nf5 Bf8 33. Rc1 Qe2 34. R8xc4 Qxg4+ 35. Ng3 Qg5 36. Kg2 fxg3 37. hxg3 Qd2+ 38. Kh3 Qd7+ 39. Kg2 Qd5+ 40. Kh3 Qd7+ 41. Kh2 Qd2+ 1/2-1/2